LEADER 00573nam a2200169 i 4500 001 000000172876 003 CaOOAMICUS 005 20080701000000.0 008 080701s1911 gw u000 u ger u 013 $a150320 040 $aSeMil$bita 245 10$a4. 300 $a521 p. ;$c19 cm. 773 0 $aIbsen, Henrik <1828-1906>$tSämtliche Werke.$bEinzige autorisierte deutsche Ausgabe.$dBerlin : S. Fischer, 1911.$g4$w()19709 850 $aSeMil 852 $aSeMil$W1$xVenegono$y1$m1W VI 41$j123728$B123728$CSeMilBibl$Z2$F134843 $81 996 $6245$a4$9(OLS)http://semarc/title/47131 LEADER 01220nam a2200289 4500 001 000000347190 003 CaOOAMICUS 005 20210809110249.0 008 210804s2017 xxka 000 u eng r 020 $a978-1-138-20007-4 040 $aSeMil$bita 245 04$aThe early Christian world /$cedited by Philip F. Esler. 250 $a2. Ed. 264 1$aLondon ; New York :$bRoutledge,$c2017. 300 $aXXX, 1249 p. :$bill. ;$c25 cm 490 1 $aThe Routledge worlds 650 4$aCristianesimo - Origini.$0(OLS)http://semarc/subject/1287 650 4$aChiesa primitiva e delle origini .$0(OLS)http://semarc/subject/1281 700 1 $aEsler, Philip Francis,$d<1952- >.$0(OLS)http://semarc/name/55613 830 4$aThe Routledge worlds.$0(OLS)http://semarc/title/436439 850 $aSeMil 852 $aSeMil$W1$xVenegono$y1$m2T V 21$j227792$B238258$CSeMilBibl$Z2$F238258 $81 961 $aMortola don Martino - Omaggio 996 $6020$a978-1-138-20007-4$9(OLS)http://semarc/number/293746 996 $6245$aThe early Christian world$9(OLS)http://semarc/title/436438 996 $6264$aLondon ; New York :$bRoutledge$9(OLS)http://semarc/publisher/35527